nationalmannschaft kosovo - Statistiken

Allgemein
  • Dieses Quiz wurde 3 mal gespielt
  • Das Durchschnittsergebnis liegt bei 3 aus 8
Answers on the Grid
Answers color-coded by a green-red scale on the quiz's grid according to % correct below.
Muriqi
Shaqiri
Xhaka
Mustafi
Mergim Berisha
Vojvoda
Muric
Zeneli
Valon Berisha
Zhegrova
Messi
Ronaldo
Hajdari
Broja
Hysaj
Asllani
 
Antwortstatistiken
Antwort % Korrekt
Muriqi
100%
Valon Berisha
67%
Asllani
33%
Hajdari
33%
Zhegrova
33%
Messi
0%
Muric
0%
Vojvoda
0%
Keine übereinstimmenden Quizze gefunden
Verteilung der Resultate
Anzahl Personen mit jedem Resultat
Perzentil nach korrekt beantworteten Fragen
Ihre Resultats-Entwicklung
Sie haben dieses Quiz noch nicht gespielt